[Event "Bergamo Province-ch"]
[Site "Bergamo"]
[Date "2005.10.21"]
[Round "3"]
[White "Gualdi, Paolo"]
[Black "Primavera, Enrico"]
[Result "1-0"]
[WhiteElo "1568"]
[BlackElo "1453"]
[PlyCount "155"]
[EventDate "2005.10.07"]
[EventType "swiss"]
[EventRounds "8"]
[EventCountry "ITA"]
[SourceTitle "EXT 2023"]
[Source "ChessBase"]
[SourceDate "2022.10.05"]
[SourceVersion "1"]
[SourceVersionDate "2022.10.05"]
[SourceQuality "1"]

1. c4 e6 2. Nc3 Nf6 3. Nf3 d6 4. g3 b6 5. Bg2 Bb7 6. d4 Be7 7. Bg5 Ne4 8. Bxe7 Qxe7 9. d5 Nc5 10. b4 Ncd7 11. Qd3 0-0 12. 0-0 Na6 13. a3 c6 14. dxc6 Bxc6 15. Rfd1 d5 16. cxd5 Bb7 17. dxe6 Nf6 18. Ne1 Rad8 19. exf7+ Kh8 20. Qc4 Rc8 21. Qb3 Bxg2 22. Nxg2 Rxf7 23. Nd5 Nxd5 24. Qxd5 Nc7 25. Qc4 a6 26. Rac1 b5 27. Qa2 Re8 28. Rd2 Ne6 29. Rcd1 Qf6 30. e3 Ng5 31. Ne1 Ne4 32. Rd8 Rff8 33. Rxe8 Rxe8 34. Qc2 Ng5 35. Kg2 Qe6 36. f4 Qh3+ 37. Kg1 Nf7 38. Qd2 Qe6 39. Ng2 h6 40. Qd7 Re7 41. Qxe6 Rxe6 42. Kf2 Nd6 43. Ne1 Nc4 44. Nc2 Nb2 45. Rd5 Rc6 46. Nd4 Nd3+ 47. Kf3 Rc3 48. Rd8+ Kh7 49. Ra8 Rxa3 50. Nxb5 Rb3 51. Nd4 Rb2 52. Rxa6 Rf2+ 53. Ke4 Nxb4 54. Rb6 Na2 55. h4 Nc3+ 56. Kf5 Nd5 57. Re6 Ra2 58. e4 Ne3+ 59. Ke5 Ra5+ 60. Kd6 Nc4+ 61. Ke7 Ra7+ 62. Kd8 Rb7 63. Nf5 Nb6 64. Nd6 Rd7+ 65. Ke8 Ra7 66. Re7 Ra8+ 67. Kf7 Rd8 68. Nf5 Nc8 69. Rc7 Nd6+ 70. Nxd6 Rxd6 71. e5 Rg6 72. Rc3 Ra6 73. e6 Ra7+ 74. e7 h5 75. Kf8 Ra6 76. e8Q Rf6+ 77. Qf7 Rg6 78. Qg8+ 1-0

[Event "Bergamo Province-ch"]
[Site "Bergamo"]
[Date "2004.10.15"]
[Round "2"]
[White "Di Mauro, Valerio"]
[Black "Gualdi, Paolo"]
[Result "0-1"]
[WhiteElo "1565"]
[BlackElo "1529"]
[PlyCount "110"]
[EventDate "2004.10.08"]
[EventType "swiss"]
[EventRounds "8"]
[EventCountry "ITA"]
[SourceTitle "EXT 2023"]
[Source "ChessBase"]
[SourceDate "2022.10.05"]
[SourceVersion "1"]
[SourceVersionDate "2022.10.05"]
[SourceQuality "1"]

1. e4 g6 2. f4 Bg7 3. Bc4 e5 4. Nf3 Nh6 5. 0-0 d6 6. c3 0-0 7. Qb3 Qe7 8. f5 gxf5 9. exf5 c6 10. d4 e4 11. Bg5 Qc7 12. f6 exf3 13. Rxf3 d5 14. Bd3 Ng4 15. Bxh7+ Kxh7 16. Qc2+ Kg8 17. Rh3 Nh6 18. Rxh6 Bxh6 19. Bxh6 Qd7 20. Qd2 Qf5 21. Bg7 Re8 22. Na3 Qe4 23. Qh6 Qe3+ 24. Qxe3 Rxe3 25. Rf1 Re4 26. Nb1 Rg4 27. Nd2 Rxg7 28. fxg7 Kxg7 29. h4 Be6 30. Nf3 f6 31. Nh2 Nd7 32. g4 Rh8 33. Re1 Kf7 34. h5 Rg8 35. Kf2 Bxg4 36. Nxg4 Rxg4 37. Rh1 Kg7 38. Kf3 Rg5 39. Re1 Kf7 40. Rh1 Nf8 41. h6 Nh7 42. b3 Rf5+ 43. Ke3 Kg6 44. Kd3 Rh5 45. Re1 Kf7 46. c4 Rh3+ 47. Kc2 dxc4 48. bxc4 Ng5 49. Rg1 Rxh6 50. Kb3 Nf3 51. Rd1 Ke6 52. Kb4 b6 53. a4 a5+ 54. Kc3 Rh3 55. Re1+ Nxe1+ 0-1

[Event "Bergamo Province-ch"]
[Site "Bergamo"]
[Date "2003.11.28"]
[Round "8"]
[White "Bertoletti, Vincenzo"]
[Black "Gualdi, Paolo"]
[Result "1-0"]
[WhiteElo "1338"]
[BlackElo "1413"]
[PlyCount "49"]
[EventDate "2003.10.10"]
[EventType "swiss"]
[EventRounds "8"]
[EventCountry "ITA"]
[SourceTitle "EXT 2023"]
[Source "ChessBase"]
[SourceDate "2022.10.05"]
[SourceVersion "1"]
[SourceVersionDate "2022.10.05"]
[SourceQuality "1"]

1. d4 Nf6 2. Nf3 d5 3. Bf4 Nbd7 4. e3 e6 5. Bd3 Be7 6. 0-0 Ne4 7. Ne5 0-0 8. f3 Nef6 9. c3 Re8 10. Nd2 Nf8 11. e4 Bd6 12. Bg5 h6 13. Bh4 g5 14. Bf2 c6 15. Be3 Nh5 16. f4 f6 17. Qxh5 fxe5 18. fxe5 Bc7 19. Qxh6 Nh7 20. exd5 Qd7 21. Bxg5 Nxg5 22. Qxg5+ Qg7 23. Qh5 Bd7 24. Rf6 Qe7 25. Rg6+ 1-0

[Event "Bergamo Province-ch"]
[Site "Bergamo"]
[Date "2002.11.15"]
[Round "6"]
[White "Gualdi, Paolo"]
[Black "Mazzotti, Federico"]
[Result "0-1"]
[WhiteElo "1413"]
[BlackElo "1752"]
[PlyCount "50"]
[EventDate "2002.10.04"]
[EventType "swiss"]
[EventRounds "8"]
[EventCountry "ITA"]
[SourceTitle "EXT 2024"]
[Source "ChessBase"]
[SourceDate "2023.10.10"]
[SourceVersion "1"]
[SourceVersionDate "2023.10.10"]
[SourceQuality "1"]

1. e4 c5 2. c3 d5 3. exd5 Qxd5 4. d4 Nc6 5. Nf3 Bg4 6. dxc5 Qxd1+ 7. Kxd1 e5 8. b4 e4 9. h3 Bh5 10. g4 exf3 11. gxh5 Nf6 12. Be3 Nd5 13. Bg5 f6 14. Bh4 a5 15. Bc4 0-0-0 16. Kc2 axb4 17. Rd1 bxc3 18. a3 Nf4 19. Nxc3 Bxc5 20. Bg3 Nd4+ 21. Kb2 Nxh5 22. Rxd4 Rxd4 23. Be6+ Kd8 24. Nb5 Nxg3 25. Nxd4 Bxd4+ 0-1

[Event "Bergamo Province-ch"]
[Site "Bergamo"]
[Date "2002.10.25"]
[Round "4"]
[White "Bertoletti, Vincenzo"]
[Black "Gualdi, Paolo"]
[Result "0-1"]
[WhiteElo "1377"]
[BlackElo "1413"]
[PlyCount "130"]
[EventDate "2002.10.04"]
[EventType "swiss"]
[EventRounds "8"]
[EventCountry "ITA"]
[SourceTitle "EXT 2024"]
[Source "ChessBase"]
[SourceDate "2023.10.10"]
[SourceVersion "1"]
[SourceVersionDate "2023.10.10"]
[SourceQuality "1"]

1. d4 d5 2. Nc3 e6 3. e4 Bb4 4. e5 c5 5. Qg4 Ne7 6. Be3 Nf5 7. dxc5 Bxc3+ 8. bxc3 0-0 9. Bd4 Qa5 10. Bd3 Nxd4 11. Qxd4 Nc6 12. Bxh7+ Kxh7 13. Qd3+ Kg8 14. Nf3 Qd8 15. 0-0 f6 16. Rfe1 fxe5 17. Nxe5 Nxe5 18. Rxe5 Qf6 19. Re2 Bd7 20. Qg3 Rac8 21. Qe3 Qf4 22. Rb1 Qxe3 23. Rxe3 Rb8 24. f3 Rfc8 25. Kf2 Rxc5 26. Rb2 b6 27. g4 Rbc8 28. Rb3 Kf7 29. h4 Ba4 30. Ra3 b5 31. Kg3 R5c7 32. Kf4 Bxc2 33. Ke5 Re7 34. Ra6 g6 35. Ra3 Rh8 36. Re2 Ba4 37. Rh2 Bd1 38. Ra5 Bxf3 39. Rf2 Ke8 40. Rxf3 Rxh4 41. Rxb5 Rhh7 42. g5 Rb7 43. a4 Rxb5 44. axb5 Rb7 45. Rf6 Rxb5 46. Rxe6+ Kf7 47. Rf6+ Kg7 48. Ra6 d4+ 49. Kxd4 Rxg5 50. Rxa7+ Kf6 51. c4 Re5 52. c5 Re7 53. Ra6+ Kf7 54. Kd5 g5 55. Ra1 Rd7+ 56. Kc6 Ke8 57. Rg1 Rg7 58. Kb6 Kd8 59. c6 Kc8 60. Rf1 Rg8 61. Kc5 g4 62. Ra1 Kb8 63. Kb6 Rg6 64. Re1 Rg8 65. Re7 g3 0-1

[Event "Bergamo Province-ch"]
[Site "Bergamo"]
[Date "2002.10.11"]
[Round "2"]
[White "Gualdi, Paolo"]
[Black "Sala, Giovanni"]
[Result "0-1"]
[WhiteElo "1413"]
[BlackElo "1600"]
[PlyCount "46"]
[EventDate "2002.10.04"]
[EventType "swiss"]
[EventRounds "8"]
[EventCountry "ITA"]
[SourceTitle "EXT 2024"]
[Source "ChessBase"]
[SourceDate "2023.10.10"]
[SourceVersion "1"]
[SourceVersionDate "2023.10.10"]
[SourceQuality "1"]

1. e4 c5 2. c3 d5 3. exd5 Qxd5 4. Nf3 Nf6 5. d3 Nc6 6. Nbd2 e5 7. Be2 Be7 8. Ng5 Qxg2 9. Bf3 Qxg5 10. Ne4 Qf5 11. Rg1 g6 12. Bg5 Nxe4 13. dxe4 Qd7 14. Qe2 Bxg5 15. Rxg5 Qe7 16. Rg3 Be6 17. b3 0-0-0 18. Rd1 Rxd1+ 19. Qxd1 Rd8 20. Qc2 Kb8 21. Be2 f5 22. exf5 Bxf5 23. Bd3 e4 0-1